Elegir la audacia : una alternativa para el siglo XXI /

Estudio que plantea las alternativas de desarrollo productivo industrial, a partir del análisis que desarrolla al modelo fordista de la posguerra y al modelo liberalproductivista que se inicia con la llegada de Margaret Thatcher y Ronald Reagan al poder.

Salvato in:
Dettagli Bibliografici
Autore principale: Lipietz, Alain (autor)
Natura: Libro
Lingua:spagnolo
Pubblicazione: Madrid, España : Trotta, 1997, c1997
Serie:(Estructuras y Procesos. Ciencias Sociales)
Soggetti:
Tags: Aggiungi Tag
Nessun Tag, puoi essere il primo ad aggiungerne!!

MARC

LEADER 00000nam^a2200000^a^4500
001 000196329
005 20250521000000.0
009 20260310102824.161
020 |a 84-8164-172-3 
037 |a Acervo ITESO - Biblioteca 
041 |a ESP 
082 |a 338. 5  |b LIP 
100 |a Lipietz, Alain  |e (autor) 
245 1 0 |a Elegir la audacia :  |b una alternativa para el siglo XXI /  |c A. Lipietz ; tr. por Jaime Vergara Antuña. 
264 4 |a Madrid, España :  |b Trotta,  |c 1997, c1997 
300 |a 151 p. 
336 |a texto  |b txt  |2 rdacontenido 
337 |a sin mediación  |b n  |2 rdamedio 
338 |a volumen  |b nc  |2 rdasoporte 
440 1 |a (Estructuras y Procesos.  |p Ciencias Sociales) 
520 |a Estudio que plantea las alternativas de desarrollo productivo industrial, a partir del análisis que desarrolla al modelo fordista de la posguerra y al modelo liberalproductivista que se inicia con la llegada de Margaret Thatcher y Ronald Reagan al poder. 
610 |a Comunidad Económica Europea 
649 |a XX 
650 |a División del Trabajo 
650 |a Productividad 
650 |a Empleo y Desempleo 
650 |a Ocio y Tiempo Libre 
650 |a Producción Económica -  |x Tema Principal 
650 |a Industrialización 
650 |a Desarrollo Económico-Social 
650 |a Nuevo Orden Económico Internacional 
650 |a Economía Laboral 
910 |a Fondo General 
920 |a Impresos - Libros 
930 |a Colección General 
905 |a 101 
901 |a 0500142295  |b IT1  |c ACC  |u 20250521 
902 |a https://opac.biblio.iteso.mx/vufind/Record/000196329